000 00448nam a2200181 i 4500
001 19712
003 ES-MaACL
005 20230906152143.0
007 t|
008 021008s1865 fr ||||1| fre d
100 1 _aAbout, Edmond,
_d1828-1885
_918117
245 1 0 _aMadelon /
_cEdmond About.
250 _a4e ed.
260 _aParĂ­s :
_bCh. Lahure,
_c1865.
300 _a562 p. ;
_c19 cm.
852 _aES-MaACL
_jD-1839
999 _c19712
_d19712